Kliadba baníkova v Uhrach (Record no. 18792)
[ view plain ]
| 000 -LEADER | |
|---|---|
| fixed length control field | 00581nam a2200205 a 4500 |
| 001 - CONTROL NUMBER | |
| control field | 18792 |
| 003 - CONTROL NUMBER IDENTIFIER | |
| control field | VRT |
| 005 - DATE AND TIME OF LATEST TRANSACTION | |
| control field | 20250707151850.0 |
| 008 - FIXED-LENGTH DATA ELEMENTS--GENERAL INFORMATION | |
| fixed length control field | 240318suuuu xx 0 und c |
| 035 ## - SYSTEM CONTROL NUMBER | |
| System control number | SNK000329960 |
| 039 #9 - LEVEL OF BIBLIOGRAPHIC CONTROL AND CODING DETAIL [OBSOLETE] | |
| Level of rules in bibliographic description | 202403181838 |
| Level of effort used to assign nonsubject heading access points | VLOAD |
| Level of effort used to assign subject headings | 201204021345 |
| Level of effort used to assign classification | msnk86 |
| 040 ## - CATALOGING SOURCE | |
| Original cataloging agency | SNK |
| Language of cataloging | slo |
| Transcribing agency | SNK |
| Description conventions | AACR2 |
| 100 1# - MAIN ENTRY--PERSONAL NAME | |
| Personal name | [Gnom] |
| Relationship | aut |
| 245 10 - TITLE STATEMENT | |
| Title | Kliadba baníkova v Uhrach |
| 260 ## - PUBLICATION, DISTRIBUTION, ETC. | |
| Place of publication, distribution, etc. | Budapest |
| Name of publisher, distributor, etc. | [s.n.] |
| Place of manufacture | BUdapest |
| Manufacturer | J. Ferenczy |
| 300 ## - PHYSICAL DESCRIPTION | |
| Extent | 8 s. |
| 942 ## - ADDED ENTRY ELEMENTS (KOHA) | |
| Source of classification or shelving scheme | Dewey Decimal Classification |
| Koha item type | Krásna literatúra pre deti |
| Suppress in OPAC | No |
| 949 ## - LOCAL PROCESSING INFORMATION (OCLC) | |
| 6 | 17A0217062 |
| a | snkSD 2341/9 |
| b | snk161/30 |
| Stav vyradenia | Strata | Poškodenie | Spôsob nadobudnutia | Domovská knižnica | Aktuálna knižnica | Dátum nadobudnutia | Total checkouts | Čiarový kód exemplára | Date last seen | Typ exemplára |
|---|---|---|---|---|---|---|---|---|---|---|
| Dar | Obecná knižnica Belá-Dulice | Obecná knižnica Belá-Dulice | 07.07.2025 | 4735902612 | 07.07.2025 | Krásna literatúra pre deti |
